<?xml version="1.0" encoding="UTF-8"?>
<collection xmlns="http://www.loc.gov/MARC21/slim">
 <record>
  <leader>01734pamaa2200193   4500</leader>
  <controlfield tag="001">0000053814</controlfield>
  <controlfield tag="005">20160302090000.0</controlfield>
  <controlfield tag="008">160302c2007     mel</controlfield>
  <datafield tag="020" ind1="0" ind2="0">
   <subfield code="a">9789676597649 </subfield>
  </datafield>
  <datafield tag="090" ind1="0" ind2="0">
   <subfield code="a">DS696 </subfield>
   <subfield code="b">HAS 2007</subfield>
  </datafield>
  <datafield tag="100" ind1="0" ind2="0">
   <subfield code="a">Hasnah Hussin </subfield>
  </datafield>
  <datafield tag="245" ind1="1" ind2="0">
   <subfield code="a">Pengajian Malaysia  </subfield>
   <subfield code="c">Hasnah Hussin and Mardiana Nordin.</subfield>
  </datafield>
  <datafield tag="260" ind1="0" ind2="0">
   <subfield code="a">Shah Alam: </subfield>
   <subfield code="b">Oxford Fajar, </subfield>
   <subfield code="c">2007.</subfield>
  </datafield>
  <datafield tag="300" ind1=" " ind2=" ">
   <subfield code="a">379p.: </subfield>
   <subfield code="b">ill; </subfield>
   <subfield code="c">26cm.</subfield>
  </datafield>
  <datafield tag="500" ind1=" " ind2=" ">
   <subfield code="a">Buku Pengajian Malaysia disediakan sebagai rujukan utama yang disarankan oleh Agensi Kelayakan Malaysia (MQA) kepada pelajar IPTS dan IPTA untuk kursus Pengajian Malaysia peringkat Sijil, Diploma dan Sarjana Muda di institusi pendidikan masing-masing. Buku ini juga wajar dijadikan rujukan oleh pelajar?pelajar asing yang menuntut di negara ini. Pada masa yang sama, buku ini juga amat bermanfaat kepada seluruh rakyat Malaysia yang ingin mengetahui dan memperdalam ilmu berhubung negara Malaysia sejak awal sehinggalah kini. Ilmu yang terdapat di dalam buku ini diyakini dapat melahirkan warganegara yang teguh jati dirinya, cintakan negara dan mempunyai jiwa patriotik yang kental.&#13;
Buku ini mengandungi lapan bab keseluruhannya yang mencakupi kesemua tema utama seperti yang digariskan oleh Kementerian Pelajaran Malaysia dalam silibus Mata Pelajaran Umum (MPU). Keseluruhan inti pati buku merangkumi aspek-aspek sejarah, sistem pemerintahan dan perundangan dasar-dasar penting negara, pembangunan sosioekonomi negara, kemasyarakatan/perpaduan malahan meliputi isu-isu semasa yang melatari perkembangan negara akhir-akhir ini.</subfield>
  </datafield>
  <datafield tag="504" ind1=" " ind2=" ">
   <subfield code="a">Includes bibliographic references and index</subfield>
  </datafield>
  <datafield tag="651" ind1="0" ind2="0">
   <subfield code="a">Malaysia -- </subfield>
   <subfield code="x">politics and government -- </subfield>
   <subfield code="x">problem and exercises </subfield>
  </datafield>
  <datafield tag="700" ind1="0" ind2="0">
   <subfield code="a">Mardiana Nordin </subfield>
  </datafield>
  <datafield tag="901" ind1=" " ind2=" ">
   <subfield code="u">http://www.oxfordfajar.com.my</subfield>
  </datafield>
 </record>
</collection>
